UBT Library

Diagnostic and statistical mental disorders: (Record no. 2244)

000 -LEADER
fixed length control field 00304nam a22001217a 4500
008 - FIXED-LENGTH DATA ELEMENTS--GENERAL INFORMATION
fixed length control field 160519b xxu||||| |||| 00| 0 eng d
020 ## - INTERNATIONAL STANDARD BOOK NUMBER
International Standard Book Number 9780890420621
020 ## - INTERNATIONAL STANDARD BOOK NUMBER
International Standard Book Number 0890420629
041 ## - LANGUAGE CODE
Language code of text/sound track or separate title eng
080 ## - UNIVERSAL DECIMAL CLASSIFICATION NUMBER
Universal Decimal Classification number 159.9
245 ## - TITLE STATEMENT
Title Diagnostic and statistical mental disorders:
Statement of responsibility, etc Association;
942 ## - ADDED ENTRY ELEMENTS (KOHA)
Source of classification or shelving scheme
Item type Books
Holdings
Withdrawn status Lost status Damaged status Not for loan Date acquired Total Checkouts Date last seen Price effective from Koha item type Source of classification or shelving scheme Collection code Permanent location Current location Full call number Barcode
        05/19/2016   05/19/2016 05/19/2016 Books            
        10/12/2022   10/12/2022 10/12/2022 Books   Koleksioni i përgjithshem UBT - Lipjan UBT - Lipjan 159.9 FRA 002-80002870026049
UBT Library © 2015-2024. All rights reserved University Education for Business and Technology